| 000 | 00549cam a2200205 i 4500 | ||
|---|---|---|---|
| 020 | _a0387082743 (v. 1) | ||
| 020 | _a0387116567 (v. 2) | ||
| 040 | _cDLC | ||
| 082 | 0 | 0 | _a582 SPR 1978 A060 Or. |
| 100 | 1 | _aBewley, J. Derek, | |
| 245 | 1 | 0 | _aPhysiology and biochemistry of seeds in relation to germination / |
| 260 |
_aBerlin ; _aNew York : _bSpringer-Verlag, _c1978-1982. |
||
| 300 |
_a2 v. : _bill. ; _c25 cm. |
||
| 650 | 0 | _aSeeds | |
| 650 | 0 | _aGermination. | |
| 650 | 2 | _aSeeds | |
| 650 | 2 | _aSeeds | |
| 700 | 1 | _aBlack, Michael, | |
| 942 | _cEK | ||
| 999 |
_c14261 _d14261 |
||